Đánh giá hiện trạng và xây dựng bản đồ phân bổ thực vật bậc cao tại khu bảo tồn thiên nhiên Lung Ngọc Hoàng, Tỉnh Hậu Giang : Luận văn tốt nghiệp Cao học. Chuyên ngành Quản lý tài nguyên và môi trường
Đề tài đánh giá hiện trạng và xây dựng bản đồ phân bổ thực vật bậc cao tại khu bảo tồn thiên nhiên Lung Ngọc Hoàng, tỉnh Hậu Giang được thực hiện từ tháng 2/2016-8/2016 với mục tiêu đánh giá sự đa dạng sinh học thực vật và xây dựng chưo...
Gespeichert in:
| 1. Verfasser: | |
|---|---|
| Format: | Buch |
| Sprache: | Undetermined |
| Veröffentlicht: |
Cần Thơ
Trường Đại học Cần Thơ
2016
|
| Schlagworte: | |
| Tags: |
Tag hinzufügen
Keine Tags, Fügen Sie den ersten Tag hinzu!
|
| Thư viện lưu trữ: | Trung tâm Học liệu Trường Đại học Cần Thơ |
|---|
| LEADER | 01516nam a2200217Ia 4500 | ||
|---|---|---|---|
| 001 | CTU_216693 | ||
| 008 | 210402s9999 xx 000 0 und d | ||
| 082 | |a 333.75 | ||
| 082 | |b Th107 | ||
| 088 | |a 60850101 | ||
| 100 | |a Đặng, Phước Thành | ||
| 245 | 0 | |a Đánh giá hiện trạng và xây dựng bản đồ phân bổ thực vật bậc cao tại khu bảo tồn thiên nhiên Lung Ngọc Hoàng, Tỉnh Hậu Giang : | |
| 245 | 0 | |b Luận văn tốt nghiệp Cao học. Chuyên ngành Quản lý tài nguyên và môi trường | |
| 245 | 0 | |c Đặng Phước Thành ; Lê Vĩnh Phúc (Người hướng dẫn) | |
| 260 | |a Cần Thơ | ||
| 260 | |b Trường Đại học Cần Thơ | ||
| 260 | |c 2016 | ||
| 520 | |a Đề tài đánh giá hiện trạng và xây dựng bản đồ phân bổ thực vật bậc cao tại khu bảo tồn thiên nhiên Lung Ngọc Hoàng, tỉnh Hậu Giang được thực hiện từ tháng 2/2016-8/2016 với mục tiêu đánh giá sự đa dạng sinh học thực vật và xây dựng chương trình bản đồ dễ sử dụng khi cần tìm kiếm và có thể cập nhật những biến động về thành phần loài thực vật hàng năm | ||
| 650 | |a Quản lý rừng,Forest management | ||
| 904 | |i Cúc,Hải | ||
| 980 | |a Trung tâm Học liệu Trường Đại học Cần Thơ | ||